000
00271nam a2200109Ia 4500
001
588895
005
20250717120839.0
008
250717s9999 xx 000 0 und d
245
0
_a
Y-7 CELALEDDİN KARATAY
_c
ZEHRA ODABAŞI
260
_b
ERDEM YAYINLARI
_c
2018
300
_b
93
999
_c
588895
_d
588895